| 000 | 00885ntm a22002297a 4500 | ||
|---|---|---|---|
| 005 | 20170823144233.0 | ||
| 008 | 170802s2013 xx a frb 000 0 eng d | ||
| 040 |
_aEG-ScBUE _beng _cEG-ScBUE |
||
| 082 | 0 | 4 |
_a624 _bHAS _222 |
| 100 | 1 | _aHassan, Ahmed Adel Badreldin. | |
| 245 | 1 | 2 |
_aA fuzzy pattern identifier for a mdof system under earthquake excitation / _cAhmed Adel Badreldin Hassan. |
| 260 | _c2013. | ||
| 300 |
_aix, 192 p. : _bill. (col.) ; _c28 cm. |
||
| 500 | _aA dissertation submitted to the faculty of engineering, The British University in egypt, in partial fulfillment of the requirements for the bachelor degree in civil engineering. | ||
| 590 | _amai allam | ||
| 650 | 7 |
_2BUEsh _aCivil Engineering. _vProjects |
|
| 653 |
_bENGCIV _cAugust2017 |
||
| 655 | _vProjects - Students | ||
| 700 | 1 |
_aHassan, Maguid, _eths. |
|
| 777 | _AProjects - Students | ||
| 942 | _2ddc | ||
| 999 |
_c25233 _d25205 |
||